000 00901nas a2200301 4500
001 BR2010000928
003 BR-BrBNA
005 20231205113921.0
007 ta
008 230509b bl.|||p| |||| 00| 00por d
040 _aBR-BrBNA
_bpor
_cBiblioteca Nacional de Agricultura
041 _a(Pt)
072 _aH10
100 1 _aSilva, F.R.
100 1 _aBegnini, R.M.
100 1 _aKlier, V.A.
100 1 _aScherer, K.Z.
100 1 _aLopes, B.C.
100 1 _aCastellani, T.T.
245 1 _aUtilização de sementes de Syagrus romanzoffiana (Arecaceae)por formigas em floresta secundária no sul do Brasil
650 _aPALMEIRA
650 _aFORMIGA
650 _aSEMENTE
650 _aFLORESTA
773 0 _tNeotropical Entomology (Brazil)
_xISSN 1519-566X
_g(Nov-Dec 2009), v. 38(6) p. 873-875
_wBR2010000928
909 _a202311
_bLúcia
_c55
_dLúcia Elande
942 _2AGRIS
_n0
_cANA
999 _c206268
_d206268